السيناريو : (رقم التسجيلة. 146885)
[ عرض عادي ]
| 000 -الفاتح | |
|---|---|
| عناصر البيانات ثابتة الطول | 00660cam a22001937i 4500 |
| 005 - تاريخ ووقت آخر معاملة | |
| حقل ضبط | 20260111084053.0 |
| 008 - عناصر البيانات ثابتة الطول | |
| عناصر البيانات ثابتة الطول | 250721s2024 ua gr 000 0 ara d |
| 020 ## - الترقيم الدولي المعياري للكتب (ردمك) | |
| الترقيم الدولي المعياري للكتب (ردمك) | 9789777954518 |
| 082 14 - رقم تصنيف ديوي العشري | |
| رقم التصنيف | 791.44 |
| رقم المادة | ر ف ي |
| 100 1# - مدخل رئيسي – اسم شخصي | |
| الاسم الشخصي | رفيع، محمد |
| علاقة الشخص بالعمل/ دوره | مؤلف. |
| 245 12 - بيان العنوان | |
| العنوان | السيناريو : |
| بقية العنوان | دليل احتراف الدراما / |
| بيان المسؤولية | محمد رفيع. |
| 250 ## - بيان الطبعة | |
| بيان الطبعة | الطبعة الأولى. |
| 264 31 - بيانات النشر، التوزيع…إلخ | |
| مكان النشر، التوزيع...إلخ | القاهرة : |
| اسم الناشر، الموزع...إلخ | الدار المصرية اللبنانية، |
| تاريخ النشر، التوزيع...إلخ | 2024. |
| 300 ## - الوصف المادي | |
| عدد الوحدات المكونة للوعاء | 320 صفحة. |
| 650 17 - مدخل إضافي بالموضوع - مصطلح موضوعي | |
| مصطلح موضوعي أو اسم جغرافي كعنصر مدخل | الافلام السينمائية. |
| 650 17 - مدخل إضافي بالموضوع - مصطلح موضوعي | |
| مصطلح موضوعي أو اسم جغرافي كعنصر مدخل | السيناريو. |
| 942 ## - بيانات إضافية (كوها) | |
| نوع التنصيف | Dewey Decimal Classification |
| نوع المادة (كوها) | كتب |
| حالة السحب | حالة الفقدان | مصدر التصنيف | حالة التلف | غير قابل للإعارة | المكتبة الرئيسية | المكتبة الحالية | موقع الرف | تاريخ التزويد | الرقم المتسلسل | Total Checkouts | رقم الإستدعاء | الباركود | تاريخ آخر ظهور | تاريخ الفاتورة | نوع المادة (كوها) | مصدر التزويد | العملة | التكلفة، سعر الشراء العادي | التكلفة وسعر الاستبدال |
|---|---|---|---|---|---|---|---|---|---|---|---|---|---|---|---|---|---|---|---|
| Dewey Decimal Classification | المكتبة المركزية | المكتبة المركزية | الإعارة | 06/01/2026 | 1799602 | 791.44 / ر ف ي | PLD00929293 | 06/01/2026 | 06/01/2026 | كتب | 62 | JOD | 7.53 | 10.75 | |||||
| Dewey Decimal Classification | مكتبة أم قصير والمقابلين العامة | مكتبة أم قصير والمقابلين العامة | الإعارة | 28/07/2025 | 1790291 | 791.44/رفي | PLD00513403 | 28/07/2025 | 28/07/2025 | كتب |